00996cam a2200217 a 450000100100000000500170001000800410002702000150006804000250008308200200010810000450012824500520017326000610022530000180028659000750030465000360037965000370041595201920045295201190064499900150076300001001620200929161813.0800319s1979 pr 000 p spa d a844992815X aDO-SdBNPbspacBNPHU aPR861.44bM433c1 aMatos Paoli, Francisco.d1915-20009917313aLa caída del clavel /cFrancisco Matos Paoli. aSan Juan, Puerto Rico :bEdiciones Juan Ponce de León. a148 ;c22 cm. aPerteneció a la biblioteca personal de Juan Isidro Jimenes Grullón 4aPoesía puertorriqueña91015 4aLiteratura puertorriqueña9250 001050718MOaGRbGRcHDd2009-10-02iLF1l0oPR861.44 M433cp10016-10r2020-06-25w2020-06-25y1zPerteneció a la biblioteca personal de Juan Isidro Jimenés GrullónZNo se presta 0010507-18MOaGRbGRcOId2017-05-29iLF1l0oPR861.44 M433cp10016-20r2020-06-25w2020-06-25y1ZNo se presta c9775d9775